000 00571cab a2200229 4500
001 X2062
008 090401t1995 xxu||||| |||| 00| 0 eng d
035 _a(Sirsi) u21555
041 _aeng
245 _aRevaluation changes
260 _c1995
350 _a0
490 _aCSM (Chartered Surveyor Monthly)
_v4(5) March 1995, 9(1)
650 _aRATING REVALUATION 1995
650 _aDOWNWARDS PHASING
650 _aPHASING
650 _aRATING REVALUATION
650 _aUPWARDS PHASING
690 _aRATING AND VALUATION
942 _n0
948 _c04/03/1997
999 _c14468
_d14468